01472nam a2200229Ia 4500952010600000952010600106952010600212999001700318008004100335020001500376050002500391100004100416245010100457250001900558260003300577300001800610490002500628505055100653519000901204650002201213942000701235 00102lcc4070a01b01d2022-11-28l0oPQ8519.Q5 A16 2006p16 003551r2024-06-11t1w2022-11-28yLB 00102lcc4070a01b01d2022-11-28l0oPQ8519.Q5 A16 2006p16 003552r2024-10-26t2w2022-11-28yLB 00102lcc4070a01b01d2022-11-28l0oPQ8519.Q5 A16 2006p16 003553r2023-07-13t3w2022-11-28yLB c71700d71700120626s2006 mx 000 0 spa d a9700767272 aPQ8519.Q5 bA16 2006 aQuiroga, Horaciod, 1878-1937eautor aMás cuentos ; cuentos de la selvac / Horacio Quiroga; introducción de Arturo Soito Alabarce a12a. edición aMéxicob: Porrúac, 2006 a215 páginas aSepan cuantosv: 347 aLa tortuga gigante Las medias de los flamencos La guerra de los yacarés La gama ciega Historia de dos cachorros de coatí y de dos cachorros de hombre El salvaje Los cazadores de ratas Cuadrivio laico Cuento para novios Estefanía La llama El simún El yacicataré En la noche En la noche Las rayas El vampiro La mancha hiptálmica Dieta de amor Un peón El espectro El león La patria Van - Houten La cámara oscura El llamado puritano Su ausencia La bella y la bestia El ocaso a d  0aCUENTOS URUGUAYOS cLB